Queen Isabella : treachery, adultery, and murder in medieval England (Record no. 48532)

MARC details
000 -LEADER
fixed length control field 00813nam a2200217Ia 4500
008 - FIXED-LENGTH DATA ELEMENTS--GENERAL INFORMATION
fixed length control field 191130s2007##################000#0#eng##
020 ## - INTERNATIONAL STANDARD BOOK NUMBER
International Standard Book Number 9780345453204
040 ## - CATALOGING SOURCE
Original cataloging agency ACL
Transcribing agency ACL
082 ## - DEWEY DECIMAL CLASSIFICATION NUMBER
Classification number 942.036092 WEI
100 ## - MAIN ENTRY--PERSONAL NAME
Personal name Weir, Alison
245 ## - TITLE STATEMENT
Title Queen Isabella : treachery, adultery, and murder in medieval England
Statement of responsibility, etc. Alison Weir
250 ## - EDITION STATEMENT
Edition statement Ballantine Books Trade pbk. ed
260 ## - PUBLICATION, DISTRIBUTION, ETC.
Place of publication, distribution, etc. New York
Name of publisher, distributor, etc. Ballantine Books
Date of publication, distribution, etc. ©2007
300 ## - PHYSICAL DESCRIPTION
Extent xxi, 490 p., [16] p. of plates : ill. (some col.), maps ; 21 cm
650 ## - SUBJECT ADDED ENTRY--TOPICAL TERM
Topical term or geographic name entry element Great Britain -- History -- Edward II, 1307-1327 -- Biography
Topical term or geographic name entry element Isabella, -- Queen, consort of Edward II, King of England, -- 1292-1358
Topical term or geographic name entry element Queens -- Great Britain -- Biography
990 ## - EQUIVALENCES OR CROSS-REFERENCES [LOCAL, CANADA]
Link information for 9XX fields 914ae148ac10000c59e4be6720ee892d
991 ## -
-- 204861
Holdings
Withdrawn status Lost status Materials specified (bound volume or other part) Damaged status Not for loan Home library Current library Shelving location Date acquired Total Checkouts Full call number Barcode Date last seen Price effective from Koha item type
    pbk     Anna Centenary Library Anna Centenary Library 7TH FLOOR, B WING 09.10.2020   942.036092 WEI 505737 09.10.2020 09.10.2020 English Books

Find us on the map